000 00753cam a22002653a 4500
001 5744
003 PGUSA
005 20140828083124.0
008 060422s2006||||xxu|||||s|||||000 1 eng d
040 _aPGUSA
_beng
042 _adc
050 4 _aPQ
100 1 _aZola, Émile,
_d1840-1902
245 1 4 _aThe Fat and the Thin
_h[electronic resource] /
_cÉmile Zola
260 _bProject Gutenberg,
_c2006
506 _aPublic domain in the USA.
516 _aElectronic text
653 _aHistorical fiction
653 _aParis (France) -- Fiction
700 1 _aVizetelly, Ernest Alfred,
_d1853-1922
740 0 _aVentre de Paris. English
830 0 _aProject Gutenberg
_v5744
856 4 0 _uhttp://www.gutenberg.org/ebooks/5744
942 _cEB
999 _c235072
_d235072